000 00981nam a2200289 i 4500
001 51411
003 ES-MaACL
005 20250831072553.0
007 t|
008 030812s1959 sp ||||1| spa d
080 _a342.721
080 _a321.01
080 _a27
100 1 _aActon, John Emerich Edward Dalberg Acton
_cBarón.
_918336
245 1 0 _aEnsayos sobre la libertad y el poder /
_cJohn Emerich Edward Dalberg-Acton ; selección e introducción de Gertrude Himmelfarb.
260 _aMadrid :
_bInstituto de Estudios Políticos,
_c1959.
300 _a509 p. ;
_c19 cm.
490 1 _aColección civitas
650 4 _aLibertad.
_914400
650 4 _aPolítica-
_xFilosofía-
_yS.XIX.
_9173052
650 7 _aHistoria eclesiástica
_2embne
_913400
700 1 _aHimmelfarb, Gertrude.
_963747
710 2 _aInstituto de Estudios Políticos (Madrid)
_94924
830 1 _aColección civitas
_9181171
852 _aES-MaACL
_jE-8018
999 _c51411
_d51411